|
|
|
|
| LEADER |
01105nam a2200265 i 4500 |
| 001 |
c000256678 |
| 003 |
CARM |
| 005 |
00000000000000.0 |
| 008 |
850319s1968 gw 0 eng d |
| 019 |
1 |
|
|a 27265781
|5 LACONCORD2021
|
| 035 |
|
|
|a (OCoLC)1328850
|5 LACONCORD2021
|
| 082 |
0 |
4 |
|a 185
|
| 100 |
0 |
|
|a Aristotle.
|
| 245 |
1 |
0 |
|a Poetica d'Aristotele vulgarizzata, et sposta, 1570 /
|c [per] Lodovico Castelvetro.
|
| 260 |
|
|
|a Munchen :
|b W. Fink,
|c [1968].
|
| 300 |
|
|
|a 385 p.
|
| 440 |
|
0 |
|a Poetiken des Cinquecento ;
|v Bd. 1
|
| 500 |
|
|
|a Facsimile reprint of the edition published in Vienna by G. Stainhofer.
|
| 500 |
|
|
|a Includes the Greek text, each paragraph of text being followed by summary, translation and commentary.
|
| 650 |
|
0 |
|a Poetry
|x Early works to 1800.
|
| 650 |
|
0 |
|a Aesthetics
|x Early works to 1800.
|
| 700 |
1 |
|
|a Castelvetro, Lodovico,
|d 1505-1571.
|
| 852 |
8 |
|
|b CARM
|h A2:AP18G0
|i B06850
|p 0331091
|f BK
|
| 999 |
f |
f |
|i 726f66c5-dd57-5b0d-b38b-042c3112e588
|s a3a1c323-c33e-577f-b15f-2a03278f9f5d
|
| 952 |
f |
f |
|p Can circulate
|a CAVAL
|b CAVAL
|c CAVAL
|d CARM 1 Store
|e B06850
|f A2:AP18G0
|h Other scheme
|i book
|m 0331091
|